Extinguish the old practices (Record no. 75049)
[ view plain ]
| 000 -LEADER | |
|---|---|
| fixed length control field | 00899cab a2200181 4500 |
| 001 - CONTROL NUMBER | |
| control field | L129294 |
| 008 - FIXED-LENGTH DATA ELEMENTS--GENERAL INFORMATION | |
| fixed length control field | 050408n2005 000 0 eng u |
| 035 ## - SYSTEM CONTROL NUMBER | |
| System control number | (Sirsi) u129294 |
| 041 ## - LANGUAGE CODE | |
| Language code of text/sound track or separate title | eng |
| 100 ## - MAIN ENTRY--PERSONAL NAME | |
| Personal name | Newton, Sally |
| 245 ## - TITLE STATEMENT | |
| Title | Extinguish the old practices |
| 260 ## - PUBLICATION, DISTRIBUTION, ETC. | |
| Date of publication, distribution, etc. | 2005 |
| 490 ## - SERIES STATEMENT | |
| Series statement | Estates Gazette |
| Volume/sequential designation | (0513) 2 April 2005, 126-128(3) |
| 520 ## - SUMMARY, ETC. | |
| Summary, etc. | Explains the new fire safety law requirements which are expected to come into force in April 2006. Employers will need to review their fire risk assessments as existing fire certificates will no longer be valid or issued. Instead of fire inspectors and certificates, responsible persons as well as employers will have a duty to carry out a fire risk assessment. Lists the key changes and the responsible peson's duties. |
| 590 ## - LOCAL NOTE (RLIN) | |
| Local note | IKA150405 |
| 690 ## - LOCAL SUBJECT ADDED ENTRY--TOPICAL TERM (OCLC, RLIN) | |
| Topical term or geographic name as entry element | MANAGEMENT-HEALTH AND SAFETY-FIRE SAFETY-FIRE RISK ASSESSMENT |
| 942 ## - ADDED ENTRY ELEMENTS (KOHA) | |
| Suppress in OPAC | 0 |
| Withdrawn status | Lost status | Source of classification or shelving scheme | Damaged status | Not for loan | Home library | Current library | Shelving location | Date acquired | Total Checkouts | Full call number | Barcode | Date last seen | Copy number | Price effective from | Koha item type |
|---|---|---|---|---|---|---|---|---|---|---|---|---|---|---|---|
| Dewey Decimal Classification | London | London | Journal article | 08/04/2005 | L129294 | 129294-1001 | 06/08/2019 | 1 | 06/08/2019 | Journal article |